000 00730nam a2200289Ia 4500
005 20260324113640.0
008 008 260324s9999 xx 000 0 eng d
020 _a9781003144588
037 _aEBOOK
040 _aCRL
040 _beng
040 _cCRL
041 _2eng
041 _aeng
084 _qCRL
100 _aAnastasia Piatakhina Giré
_91147615
245 0 _aTherapy with Displaced and Highly Mobile Individuals
245 2 _bA Guide for In-Person and Online Practitioners
260 _bTaylor and Francis
260 _c2023
365 _a
365 _b220
856 _uhttp://www.taylorfrancis.com/books/9781003144588
942 _cEBOOK
999 _c1737374
_d1737374